50 Ways to Say Goodbye Lyrics - Statistics

General Stats
  • This quiz has been taken 747 times
  • The average score is 22 of 29
Answer Stats
Hint Answer % Correct
Your leaving now for my own ____ good
96%
Help me, help me, I'm all out of ____ lies
92%
You said its meant to be, that its not you its __ me
92%
I returned everything I ever ______ ___ bought her
89%
Fell and no one ______ ___ caught her
89%
She went down in an ________ airplane
88%
Fell in a cement mixer full of _________ quicksand
88%
Fried getting _________ suntanned
87%
And ways to say you ____ died
85%
Thats cool but if __ _______ ask where you are I'm gonna say my friends
85%
Eaten by a ____ lion
84%
You were my __________ everything
83%
Help me, help me, I'm no good at ________ goodbyes
82%
She met a shark __________ underwater
80%
I wanna live a thousand _____ with you lives
77%
She'll think I'm ________ Superman
77%
My pride still feels the _____ sting
74%
I'll take the ____ ____ like I should high road
73%
I wanna be the one your dying to ____ love
73%
She dried up in the ______ desert
71%
Drowned in a ___ ___ hot tub
71%
My head was_________ oversized
68%
Some day I'll find a love ____ _____ like yours
61%
My heart is_________ paralyzed
61%
Not super _______ minivan
60%
Got run over by a crappy purple ______ Scion
60%
She was caught in a ________ mudslide
58%
Danced to death at an ____ ____ _________ East Side Nightclub
55%
How could you leave on ___ ______ Yom Kippur
41%
No matching quizzes found
Score Distribution
Percent of People with Each Score
Percentile by Number Answered
Your Score History
You have not taken this quiz